Interpret zum Song 80s-Edition - Statistiken

Allgemein
  • Dieses Quiz wurde 190 mal gespielt
  • Das Durchschnittsergebnis liegt bei 10 aus 15
Antwortstatistiken
Hint Antwort % Korrekt
Africa TOTO
96%
Take on Me a-ha
94%
Beat it Michael Jackson
93%
Like A Virgin Madonna
85%
I´m still standing Elton John
84%
Never gonna give you up Rick Astley
76%
Wake me up before you go-go Wham!
70%
Don´t stop believin´ Journey
66%
I wanna dance with somebody (who loves me) Whitney Houston
64%
Jump Van Halen
63%
Down under Men at work
52%
Tainted Love Soft Cell
44%
Our House Madness
28%
I´m so excited The pointer sisters
23%
Maniac Michael Sembello
15%
Keine übereinstimmenden Quizze gefunden
Verteilung der Resultate
Anzahl Personen mit jedem Resultat
Perzentil nach korrekt beantworteten Fragen
Ihre Resultats-Entwicklung
Sie haben dieses Quiz noch nicht gespielt